Aeronomy of the middle atmosphere (Record no. 18869)
[ view plain ]
| 000 -LEADER | |
|---|---|
| fixed length control field | 00514nam a22001937a 4500 |
| 008 - FIXED-LENGTH DATA ELEMENTS--GENERAL INFORMATION | |
| fixed length control field | 210407b xxu||||| |||| 00| 0 eng d |
| 020 ## - INTERNATIONAL STANDARD BOOK NUMBER | |
| International Standard Book Number | 9027723443 |
| 050 ## - LIBRARY OF CONGRESS CALL NUMBER | |
| Classification number | QC881.2 |
| Item number | .B73 1986 c.1 |
| 100 ## - MAIN ENTRY--PERSONAL NAME | |
| Personal name | Brasseur, Guy |
| 245 ## - TITLE STATEMENT | |
| Title | Aeronomy of the middle atmosphere |
| Statement of responsibility, etc. | Guy Brasseur |
| 250 ## - EDITION STATEMENT | |
| Edition statement | 2nd ed. |
| 260 ## - PUBLICATION, DISTRIBUTION, ETC. (IMPRINT) | |
| Place of publication, distribution, etc. | Holland |
| Name of publisher, distributor, etc. | Reidel Publishing |
| Date of publication, distribution, etc. | 1986 |
| 300 ## - PHYSICAL DESCRIPTION | |
| Extent | xvi, 452p. |
| 650 ## - SUBJECT ADDED ENTRY--TOPICAL TERM | |
| Topical term or geographic name as entry element | Stratosphere |
| 650 ## - SUBJECT ADDED ENTRY--TOPICAL TERM | |
| Topical term or geographic name as entry element | Mesosphere |
| 650 ## - SUBJECT ADDED ENTRY--TOPICAL TERM | |
| Topical term or geographic name as entry element | middle atmosphere |
| 700 ## - ADDED ENTRY--PERSONAL NAME | |
| Personal name | Susan Solomon |
| 942 ## - ADDED ENTRY ELEMENTS (KOHA) | |
| Source of classification or shelving scheme | Library of Congress Classification |
| Koha item type | General Collection |
| Withdrawn status | Lost status | Source of classification or shelving scheme | Not for loan | Home library | Current library | Date acquired | Cost, normal purchase price | Total Checkouts | Full call number | Barcode | Date last seen | Price effective from | Koha item type |
|---|---|---|---|---|---|---|---|---|---|---|---|---|---|
| Library of Congress Classification | Kabarak, Main Campus | Kabarak, Main Campus | 07/04/2021 | 15118.00 | QC881.2 .B73 1986 c.1 | 029723 | 07/04/2021 | 07/04/2021 | General Collection | ||||
| Library of Congress Classification | Kabarak, Main Campus | Kabarak, Main Campus | 07/04/2021 | 15118.00 | QC881.2 .B73 1986 c.2 | 029724 | 07/04/2021 | 07/04/2021 | General Collection | ||||
| Library of Congress Classification | Kabarak, Main Campus | Kabarak, Main Campus | 07/04/2021 | 15118.00 | QC881.2 .B73 1986 c.3 | 029725 | 07/04/2021 | 07/04/2021 | General Collection |